| 000 | 01110nam a2200313 a 4500 | ||
|---|---|---|---|
| 001 | sjdsz9bblp b2773858 | ||
| 003 | sjds | ||
| 005 | 20210128142912.0 | ||
| 008 | 060927s2005 ohua j 000 1 spa d | ||
| 010 | _abl2006010932 | ||
| 020 | _a0769642276 : (pbk.) | ||
| 020 | _a9780769642277 (pbk.) | ||
| 040 |
_dCoBoFLC _csjds |
||
| 041 | 1 |
_aspa _heng |
|
| 100 | 1 | _aWoodward, Kay. | |
| 240 | 1 | 0 |
_aSquish, crunch, splash! _lSpanish. |
| 245 | 1 | 0 |
_aFffff, paf, crach! / _cde Kay Woodward ; ilustraciones de Stefania Colnaghi. |
| 260 |
_aColumbus, OH : _bSchool Specialty Pub., _c2005. |
||
| 300 |
_a32 p. : _bcol. ill. ; _c23 cm. |
||
| 490 | 1 | _aLectores relaampago. Prelector. | |
| 520 | _aKate makes a variety of noises as she plays, stepping in mud, paint, and snow, and eating her favorite foods, after which it is time for a bath. | ||
| 521 | 2 | _aPreschool. | |
| 650 | 0 |
_aCleanliness _vJuvenile fiction. |
|
| 650 | 0 |
_aSound _vJuvenile fiction. |
|
| 655 | 1 | _aSpanish language materials. | |
| 700 | 1 |
_aColnaghi, Stefania, _eill. |
|
| 830 | 0 |
_aLightning readers. _nPre-reader. _lSpanish. |
|
| 942 | _cBK | ||
| 999 |
_c24791 _d24791 |
||